| 000 -LEADER |
| fixed length control field |
00393cam a22001458i 4500 |
| 020 ## - INTERNATIONAL STANDARD BOOK NUMBER |
| ISBN |
9781625275332 (alk. paper) |
| 040 ## - CATALOGING SOURCE |
| Transcribing agency |
DLC |
| 082 00 - DEWEY DECIMAL CLASSIFICATION NUMBER |
| Classification number |
658 HAR 2015 A116 Or. |
| 245 00 - TITLE STATEMENT |
| Title |
HBR guide to coaching employees. |
| 246 3# - VARYING FORM OF TITLE |
| Title proper/short title |
Harvard Business Review guide to coaching employees |
| 300 ## - PHYSICAL DESCRIPTION |
| Number of Pages |
pages cm |
| 650 #0 - SUBJECT ADDED ENTRY--TOPICAL TERM |
| Topical Term |
Employees |
| 710 2# - ADDED ENTRY--CORPORATE NAME |
| Corporate name or jurisdiction name as entry element |
Harvard Business Review Press. |
| 942 ## - ADDED ENTRY ELEMENTS (KOHA) |
| Koha item type |
ADB |
| 952 ## - LOCATION AND ITEM INFORMATION (KOHA) |
| Withdrawn status [LOCAL, KOHA] |
0 |